000 005790000a22001810004500
003 MACL
005 20160601153748.0
008 160601b xxu||||| |||| 00| 0 eng d
040 _aMACL
_cMACL
041 _aHindi
082 _a910 SAH
100 _aसाहा, रणजीत
_948558
245 _aरोमानिया में मेरी दुनिया
_cरणजीत साहा
260 _bयश पब्लिकेशन्‍स
_c2008
_aनई दिल्‍ली
350 _a395
650 _aTravel
_961407
942 _cHIN
_k910/SAH
_2ddc
999 _c42018
_d42018